series com C - Statistics

Estatísticas Gerais
  • Esse quiz foi jogado 123 vezes
  • A pontuação média é 5 de 15
Estatísticas das Respostas
Hint Resposta % Correto
cirilo carrossel
96%
orfanato chiquititas
80%
cobra .... cobra kai
72%
larissa manuela e joao guilherme cumplices de um resgate
66%
boneco assassino chucky
53%
peruca carinha de anjo
42%
Ctrl Z control z
41%
armario cronicas de narnia
13%
babas clube das babas
12%
bobo chaves
5%
natal cronicas de natal
4%
chapeu vermelho carmen sandiego
2%
...... castle rock
0%
voltar no tempo club 57
0%
magia clube das coisas magicas
0%
Nenhum quiz correspondente encontrado
Distribuição das Pontuações
Porcentagem de Pessoas com Cada Pontuação
Percentil de Números Respondidos
Sua Pontuação Histórica
Você não jogou esse quiz